00556nai a2200157Ia 4500003000900000008004100009022002200050022002300072040001600095245005400111260005100165310001500216362002600231521006900257856007200326IN-BaIIA211028c9999 xx s 000 0 eng d a0003-9519 (Print) a1432-0657 (Online) cIIA Library 0aArchive for History of Exact Sciencesh[eJournal] aHeidelber, GermanybSpringer Berlin Heidelberg aBi-monthly a50(3); 1997 - Present bSubscribed through National Knowledge Resource Consortium (NKRC) uhttps://www.springer.com/journal/407yClick Here to Access eJournal